Statistics for New York (JFK) International Destinations

Click here to take the quiz!

General Stats

  • This quiz has been taken 92 times
  • The average score is 75 of 123

Answer Stats

Answer% Correct
Sydney
89%
Rio de Janeiro
88%
Beijing
86%
Frankfurt
86%
London
86%
Paris
86%
Rome
86%
Amsterdam
84%
Delhi
84%
Madrid
84%
Moscow
84%
Toronto
84%
Buenos Aires
82%
Stockholm
82%
Tokyo
82%
Athens
81%
Brussels
81%
Helsinki
81%
Mexico City
81%
Mumbai
81%
Munich
81%
Shanghai
81%
Vienna
81%
Zurich
81%
Berlin
79%
Dubai
79%
Dublin
79%
Lisbon
79%
Milan
79%
Vancouver
79%
Barcelona
77%
Bogota
77%
Budapest
77%
Edinburgh
77%
Sao Paulo
77%
Cancun
75%
Copenhagen
75%
Istanbul
75%
Lima
75%
Manchester
75%
Oslo
75%
Warsaw
75%
Calgary
74%
Hong Kong
74%
Montreal
74%
Santiago de Chile
74%
Seoul
74%
Tel Aviv
74%
Abu Dhabi
72%
Prague
72%
Singapore
72%
Taipei
72%
Cairo
70%
Havana
70%
Johannesburg
70%
Kyiv
70%
Nassau
70%
Panama City
70%
Santo Domingo
70%
Auckland
68%
Reykjavik
68%
Casablanca
67%
Doha
67%
Quito
67%
Riyadh
67%
Venice
67%
Addis Ababa
65%
Geneva
65%
Guadalajara
65%
Guangzhou
65%
Belgrade
63%
Guatemala City
63%
Kingston
63%
Lagos
63%
Manila
63%
Port au Prince
63%
Monterrey
61%
Nice
61%
Nairobi
60%
Jeddah
58%
Amman
56%
Dakar
56%
Dusseldorf
56%
Medellin
56%
Kuwait City
54%
San Salvador
54%
Cartagena
53%
Punta Cana
53%
Accra
51%
Barbados
51%
Cali
49%
Port of Spain
49%
Wuhan
49%
Aruba
47%
Guayaquil
47%
Antigua
46%
Curacao
46%
Montego Bay
46%
Baku
44%
Bermuda
42%
Grenada
39%
Saint Kitts
39%
Saint Lucia
37%
Shannon
37%
Tashkent
37%
Georgetown
35%
Saint Vincent
35%
Puerto Vallarta
33%
Grand Cayman
28%
Sint Maarten
26%
Tobago
26%
Liberia
25%
Ponta Delgada
23%
Providenciales
23%
Funchal
21%
Lome
21%
Fuzhou
19%
Puerto Plata
18%
Los Cabos
16%
San Jose de Costa Rica
11%
Santiago de los Caballeros
11%
Terceira
11%
Pointe-a-Pitre
9%

Score Distribution

Percentile by Number Answered

Percent of People with Each Score

Your Score History

You have not taken this quiz